00713nam a2200157Ia 4500008004100000082002000041100003400061245010500095260002800200300001000228440003000238500005400268650010700322952010900429999001700538120629s9999 xx 000 0 und d aC372.4145 D542g aDíaz de León, Ana Eugenia aGuía de comprensión de lectura : textos científicos y técnicos/ Ana Eugenia Díaz de León aMéxico : SEP ; ANUIES a142 p aFomento a la planeación aReferencias bibliográficas de la nota técnica a1. COMPRENSION DE LECTURA \ 2. EDUCACION \ 3. ENSEÑANZA DE LA LECTURA \ 4. FUENTES BIBLIOGRAFICASÌ 00104070a15b15d2007-05-09l1oC372.4145 D542Gp15 002159r2017-12-07s2017-11-06t1w2012-06-28yLB c75838d75838